| 000 | 00539nam a2200217 a 4500 | ||
|---|---|---|---|
| 001 | BRL_1703 | ||
| 005 | 20190320211329.0 | ||
| 008 | 270514s1975----mx-######d---#000-0#spa-# | ||
| 041 | _aspa | ||
| 044 | _amx | ||
| 050 | 4 |
_aPC4832 _b.C33 1975 |
|
| 100 | 1 |
_aCabrera, Luis _927675 |
|
| 245 | 1 | 0 |
_aDiccionario de aztequismos _cLuis Cabrera. |
| 250 | _a2a ed. | ||
| 260 |
_aMéxico _bEdiciones Oasis _c1975 |
||
| 300 |
_a166 p. _c23 cm. |
||
| 500 | _aAu2143 | ||
| 650 | 1 | 4 |
_aNánuatl _vDiccionarios _927676 |
| 902 | _aGRL | ||
| 942 |
_2lcc _cB |
||
| 999 |
_c10511 _d10511 |
||